Compilació dels serveis mancomunals d'interès directe pels municipis de Catalunya /
Descripción Física:
111 p. ; 23 cm
Materias:
Catalunya. -- Mancomunitat
MARC
| LEADER | 00000nam a2200000Ia 4500 | ||
|---|---|---|---|
| 001 | 703 | ||
| 008 | 160829s1923 xx 000 0 cat d | ||
| 080 | |a M-3-162 | ||
| 100 | |a Catalunya. Oficina d'Orientació Municipal |9 24335 | ||
| 245 | |a Compilació dels serveis mancomunals d'interès directe pels municipis de Catalunya / |c Mancomunitat de Catalunya, Oficina d'Orientació Municipal | ||
| 260 | |a Barcelona : |b (Imp. Casa de Caritat), |c 1923 | ||
| 300 | |a 111 p. ; |c 23 cm | ||
| 590 | |a Hi ha un duplicat: DUP-49 | ||
| 610 | 2 | 0 | |a Catalunya. |b Mancomunitat |9 53015 |
| 710 | 2 | |a Catalunya. |b Mancomunitat |9 53015 | |
| 710 | |a Casa de Caritat (Barcelona, Catalunya) |9 52406 | ||
| 856 | 4 | |u https://media.diba.cat/diba/fitxers/arxiu/mancomunitat/bib_703_1923_web.pdf |y Accés lliure | |
| 901 | |a Arxiu | ||
| 942 | |n 1 |2 udc | ||
| 952 | |0 0 |1 0 |4 0 |6 M3162 |7 1 |9 43093 |a Arxiu |b Arxiu |d 2016-12-01 |l 0 |o M-3-162 |p 703 |r 2016-12-01 00:00:00 |w 2016-12-01 |y ARXIU | ||
| 952 | |0 0 |1 0 |4 0 |6 PDL |7 1 |9 63867 |a Arxiu |b Arxiu |d 2022-09-09 |l 0 |o PDL |p 26789 |r 2022-09-09 00:00:00 |w 2022-09-09 |y ARXIU | ||
| 999 | |c 45637 |d 45637 | ||